000 01586nam a2200349 c 4500
003 BLK
005 20250716102630.0
008 180408b bul|||||r ||||||| ||bul||
010 _aKNG00058036000
020 _a978-954-389-136-8
_bиздат.: Ера
040 _aBLK
041 _aBUL
_cBUL
072 7 _2bullib
_aН83
_xЧужда художествена литература Н
080 _aАмериканска литература (на САЩ)
_b821.111(73)
_x-31
_z821.111(73)-31
100 1 _aАлън, Сара Адисън
_eпърви автор
_9281347
700 1 _aКарастойчева, Емилия Станимирова
_d1971 -
_gИндолог. Преводач от английски език
_qНичева-Карастойчева, Емилия Станимирова
_976920
139 _aАлън, Сара Адисън
_bА 59
245 1 0 _aТайна с цвят на праскова
_bРоман
_cСара Адисън Алън; прев. Емилия Станимирова Карастойчева.
257 _aUSA
260 София
_bЕра
_c2011
_fСофия : Експреспринт
300 _a263 с.
_c20 см
380 _aX
500 _aОриг. загл. The Peach Keeper / Sarah Addison Allen. - Офс. изд.
653 _aромани
659 _aН
852 _aЦб 254378
856 4 _qpdf
_u
856 4 _qpdf
_u
942 _cKNG
_n0
_064
944 _aCR
_c11.01.2012
_lЦветомила Тодорова
_k30576
944 _aED
_c27.04.2016
_lф /
_kЛюдмила_Стоянова
999 _c54092
_d54092